000 00193 a2200097 4500
020 _a9780545160551
041 _aspa
100 _aKlein, Abby
245 _aŁSocorro! Łun vampiro!
942 _cBK
999 _c30125
_d30123